Vlastivedný slovník obcí na Slovensku 3.

Uložené v:
Podrobná bibliografia
Hlavný autor: Kropilák, Miroslav, 1918-1995 (Author)
Médium: Kniha
Jazyk:Slovak
Vydané: Bratislava : Veda, 1978.
Vydanie:1. vyd.
ISBN: (viaz.)
Fyzický popis: 532 s. + 8 príl.
Tagy: Pridať tag
Žiadne tagy, Buďte prvý kto otaguje tento záznam!

MARC

LEADER 00000nam a2200000 a 4500
001 000171867
005 20100731141027.0
008 040101s1978 xo e slo d
020 |a (viaz.)  |c Kčs 90,00 
040 |a SVKKK  |b slo  |c SVKKK  |e AACR2 
041 0 |a slo 
044 |a xo  |c SK 
245 0 0 |a Vlastivedný slovník obcí na Slovensku  |n 3.  |c red. Miroslav Kropilák. 
250 |a 1. vyd. 
260 |a Bratislava :  |b Veda,  |c 1978. 
300 |a 532 s. +  |e 8 príl. 
700 1 |a Kropilák, Miroslav,  |4 aut  |d 1918-1995 
910 |a svkkk 
998 |a BK 
090 |g SCKHL  |k Študovňa kníh  |a IV.92883  |j 580837  |i 2720009336  |s Príručka / Študovňa 
090 |g SCKHL  |k HIS - kancelária  |a IV.92880  |j 580834  |i 2720425451  |s Príručka / Študovňa 
090 |g SCKHL  |k Konzultanti  |a IV.92882  |j 580836  |i 2720376109  |s Príručka / Študovňa 
090 |g SCKHL  |k Sklad Pribinova prízemie  |a IV.92879  |j 580833  |i 2720305128  |s Absenčne 
090 |g SCKHL  |k Sklad Pribinova 1. posch.  |a IV.92881  |j 580835  |i 2720188467  |s Absenčne 
090 |g SCKHL  |k Sklad Pribinova 1. posch.  |a IV.92884  |j 580838  |i 2720185781  |s Absenčne